000 00522nam a2200193Ia 4500
005 20250508150236.0
008 008 250505s9999 xx 000 0 eng d
037 _aTextual
040 _aFEDL
_beng
_cFEDL
041 _aeng
_2eng
084 _a335, SHA
_qFEDL
100 _aShaw Bernard (et.al).
_9756222
245 0 _aFabian essays
260 _aLondon, UK
_bGeorge Allen and Unwin Ltd.
_c1948
300 _axliii,246p
650 _aEconomics
942 _cTEXL
_h335, SHA
999 _c1322590
_d1322590